| 000 | 00544nam a2200157Ia 4500 | ||
|---|---|---|---|
| 008 | 100122s9999 xx 000 0 und d | ||
| 082 |
_b57439 _a823 |
||
| 100 | _aराणपुरा दिलीप | ||
| 245 | _aअश्रूत उजळे ज्योत | ||
| 260 |
_bनीहारा प्रकाशन _c1999 |
||
| 300 | _a184 | ||
| 630 | _aअश्रूत उजळे ज्योत | ||
| 700 | _aतुळपुळे मालिनी | ||
| 730 | _aअश्रूत उजळे ज्योत | ||
| 942 | _cBOOK | ||
| 999 |
_c433628 _d433625 |
||